| 000 | 00348nam a2200145Ia 4500 | ||
|---|---|---|---|
| 008 | 230917s9999||||xx |||||||||||||| ||und|| | ||
| 040 |
_e184582 _aMAIN |
||
| 041 | _aEnglish | ||
| 082 | _a823.08 K846I | ||
| 100 | _aKoshy, Mridula | ||
| 245 | 0 | _aIf it is sweet | |
| 260 |
_aChennai _bTranquebar Press _c2009 |
||
| 300 | _aix, 283 p. | ||
| 942 | _cBK | ||
| 999 |
_c161844 _d161844 |
||